Diccionario de Contabilidad Inglés- Español
Guardat en:
| Autor corporatiu: | |
|---|---|
| Format: | Llibre |
| Idioma: | anglès espanyol |
| Publicat: |
Pamplona
Aranzadi S. A
2010
|
| Edició: | 1a. ed |
| Col·lecció: | Colección Derecho de la A a la Z
|
| Matèries: | |
| Etiquetes: |
Afegir etiqueta
Sense etiquetes, Sigues el primer a etiquetar aquest registre!
|
MARC
| LEADER | 00000cam a2200000 a 4500 | ||
|---|---|---|---|
| 001 | UCE5252 | ||
| 003 | CL-VaPUC | ||
| 008 | 141218e20100000sp |||||||||||||||||eng|d | ||
| 020 | |a 9788499034591 | ||
| 041 | 0 | 7 | |a eng |2 CL-VaPUC |
| 041 | 0 | 7 | |a spa |2 CL-VaPUC |
| 082 | 0 | 4 | |a 657.0361 |b CEN |2 21 |
| 110 | 2 | |a Centre for Lexicography |e author |9 577786 | |
| 245 | 1 | 0 | |a Diccionario de Contabilidad Inglés- Español |
| 250 | |a 1a. ed | ||
| 300 | |a 1011 p | ||
| 942 | |c BK | ||
| 945 | |d 20141218 14:43:00 |a dcastane | ||
| 260 | |a Pamplona |b Aranzadi S. A |c 2010 | ||
| 650 | 0 | |a Contabilidad |9 261430 | |
| 650 | 0 | |a Diccionarios |9 256200 | |
| 650 | 0 | |a Inglés-español |9 530331 | |
| 583 | |a last modification |c 20141218 14:43:00 |k Rodrigo Vera | ||
| 490 | 0 | |a Colección Derecho de la A a la Z | |
| 999 | |c 358009 |d 358007 | ||
| 952 | |0 0 |1 0 |3 erb |4 0 |6 657_036100000000000_CEN_2010 |7 0 |8 X |9 466218 |a BIBGIM |b BIBGIM |i 513014K |o 657.0361 CEN 2010 |p 513014K |r 2025-01-15 |w 2019-11-23 |y BK_X |z Catalogado en:20141218 |k COM | ||